00672nam a22001817a 450000500170000000800410001701000140005802000150007202000170008703500130010408200140011710000260013124501530015726000960031026000090040630000250041550000500044020081022122725.0081022t xxu||||| |||| 00| 0 eng d aENG-84318 a0195673425 c2250.00 (hb) aEN-67851 a934 / CHA aChakrabarti, Dilip K  aThe Oxford companion to Indian archaeology :bthe archaeological foundations of ancient India stone age to AD 13th century /cby Dilip K Chakrabarti aNew DelhibOxford University PresseYMCA Library Building, Jai Singh Road, New Delhi-110001 c2006 axiii,570pbillc27cm aIncludes bibliographical references and index